Datum a čas kvízu
24.5
Celkem bodů
Celkový počet nahraných bodů na tomto kvízu bez doplňovacích otázek.
11.
Pořadí na kvízu
Konečné umístění týmu na tomto kvízu.
Zaznamenané odpovědi
| # | Otázka | Odpověď | Body | Výsledky |
|---|---|---|---|---|
| 1. | Který netradiční protest předv... | chodili k pultu pozadu | 1 | |
| 2. | Malajsie a Indonésie se jako p... | Grok | 0 | |
| 3. | Minulý týden bylo oznámeno jmé... | o Hanse Zimmera | 0 | |
| 4. | První vydání jistého komiksu b... | Superman | 1 | |
| 5. | Stáj formule 1 Red Bull minulý... | Martin Šonka | 1 | |
| 6. | Vaším úkolem v tématu bude odh... | červená, žlutá | 0.5 | |
| 7. | Teď se podíváme na domácí fotb... | tři | 1 | |
| 8. | Pojďme na hokej. Lev v logu BK... | zelená | 1 | |
| 9. | Na základě zobrazených barev l... | New York Knicks | 0 | |
| 10. | Které americké město oslavuje... | Pittsburgh | 0 |